| 000 | 00549nam a22001457a 4500 | ||
|---|---|---|---|
| 020 | _a0-590-42496-3 | ||
| 082 |
_a823 _bMAR/K |
||
| 100 | _aANN M MARTIN | ||
| 245 |
_aTHE BABYSITTERS CLUB _bKRISTY AND THE SECRET OF SUSAN |
||
| 260 |
_aUSA _bSCHOLASTIC INC _c1990 |
||
| 300 | _a152 | ||
| 520 | _aKRISTY'S NEWEST BABY SITTING CHARGE IS SUSAN FELDER WHO GOES AWAY TO A SPECIAL SCHOOL. KRISTY THINKS ITS UNFAIR THAT SUSAN HAS TO BE SENT OFF TO SCHOOL AND IS TREATED DIFFERENTLY FROM EVERYONE ELSE. | ||
| 650 | _aKRISTY AND THE SECRET OF SUSAN | ||
| 942 | _cBK | ||
| 999 |
_c480 _d480 |
||